000 00584nam a2200217Ia 4500
003 OSt
005 20220928140607.0
006 a|||||r|||| 00| 0
007 ta
008 220927b |||||||| |||| 00| 0 eng d
024 _a9760
037 _cTextual
040 _aSDCL
_cSDCL
_beng
041 _2eng
_aeng
082 _aO-,3M:g, K8
100 _aFoster Richard Ed.
_9496122
245 0 _aSix American novels of the nineteenth century
_b An introduction.
260 _c1968
942 _hO-,3M:g, K8
_cTEXL
_2CC
999 _c812387
_d812387